<?xml version="1.0" encoding="UTF-8"?>
<record
    xmlns:xsi="http://www.w3.org/2001/XMLSchema-instance"
    xsi:schemaLocation="http://www.loc.gov/MARC21/slim http://www.loc.gov/standards/marcxml/schema/MARC21slim.xsd"
    xmlns="http://www.loc.gov/MARC21/slim">

  <leader>00881nam a2200229Ia 4500</leader>
  <controlfield tag="005">20220303101610.0</controlfield>
  <controlfield tag="008">210716s2005    xx            000 0 und d</controlfield>
  <datafield tag="020" ind1=" " ind2=" ">
    <subfield code="a">9780070144965</subfield>
  </datafield>
  <datafield tag="040" ind1=" " ind2=" ">
    <subfield code="c">AIMIT LIBRARY</subfield>
  </datafield>
  <datafield tag="041" ind1=" " ind2=" ">
    <subfield code="a">eng</subfield>
  </datafield>
  <datafield tag="082" ind1=" " ind2=" ">
    <subfield code="a">659.1 </subfield>
    <subfield code="2">7</subfield>
    <subfield code="b">BELG</subfield>
  </datafield>
  <datafield tag="100" ind1=" " ind2=" ">
    <subfield code="a">Belch, George E.</subfield>
    <subfield code="9">22465</subfield>
  </datafield>
  <datafield tag="245" ind1=" " ind2=" ">
    <subfield code="a">Advertising and promotion :</subfield>
    <subfield code="b">an integrated marketing communications perspective /</subfield>
    <subfield code="c">By George E. Belch, Michael A. Belch and Keyoor Purani.</subfield>
  </datafield>
  <datafield tag="250" ind1=" " ind2=" ">
    <subfield code="a">7th ed.</subfield>
  </datafield>
  <datafield tag="260" ind1=" " ind2=" ">
    <subfield code="a">New Delhi :</subfield>
    <subfield code="b">Tata McGraw Hill Publishing Company Ltd ,</subfield>
    <subfield code="c">2005.</subfield>
  </datafield>
  <datafield tag="300" ind1=" " ind2=" ">
    <subfield code="a">Xxxiii, 1075p. ;</subfield>
    <subfield code="c">24 cm.</subfield>
  </datafield>
  <datafield tag="650" ind1=" " ind2=" ">
    <subfield code="a">Developing the integrated marketing communications program</subfield>
    <subfield code="9">22466</subfield>
  </datafield>
  <datafield tag="650" ind1=" " ind2=" ">
    <subfield code="a">Establishing objectives and budgeting for the promotional program</subfield>
    <subfield code="9">22467</subfield>
  </datafield>
  <datafield tag="700" ind1=" " ind2=" ">
    <subfield code="a">Belch, Michael A.</subfield>
    <subfield code="9">22468</subfield>
  </datafield>
  <datafield tag="700" ind1=" " ind2=" ">
    <subfield code="a">Purani, Keyoor.</subfield>
    <subfield code="9">22469</subfield>
  </datafield>
  <datafield tag="942" ind1=" " ind2=" ">
    <subfield code="2">ddc</subfield>
    <subfield code="c">BK</subfield>
    <subfield code="e">7th</subfield>
    <subfield code="k">659.1 BELG</subfield>
  </datafield>
  <datafield tag="999" ind1=" " ind2=" ">
    <subfield code="c">198598</subfield>
    <subfield code="d">198598</subfield>
  </datafield>
  <datafield tag="952" ind1=" " ind2=" ">
    <subfield code="0">0</subfield>
    <subfield code="1">0</subfield>
    <subfield code="2">ddc</subfield>
    <subfield code="4">0</subfield>
    <subfield code="7">0</subfield>
    <subfield code="8">MBA</subfield>
    <subfield code="a">AIMIT</subfield>
    <subfield code="b">AIMIT</subfield>
    <subfield code="d">2005-08-24</subfield>
    <subfield code="i">Bill no:; Bill dt:1900-01-00</subfield>
    <subfield code="l">1</subfield>
    <subfield code="o">659.1 BELG</subfield>
    <subfield code="p">MBA01163</subfield>
    <subfield code="r">2026-05-23 00:00:00</subfield>
    <subfield code="s">2023-07-10</subfield>
    <subfield code="v">395.00</subfield>
    <subfield code="w">2021-07-16</subfield>
    <subfield code="y">BK</subfield>
  </datafield>
  <datafield tag="952" ind1=" " ind2=" ">
    <subfield code="0">0</subfield>
    <subfield code="1">0</subfield>
    <subfield code="2">ddc</subfield>
    <subfield code="4">0</subfield>
    <subfield code="7">0</subfield>
    <subfield code="8">MBA</subfield>
    <subfield code="a">AIMIT</subfield>
    <subfield code="b">AIMIT</subfield>
    <subfield code="d">2010-02-20</subfield>
    <subfield code="g">510.00</subfield>
    <subfield code="i">Billno:ABK669;Bildt:2010-02-10</subfield>
    <subfield code="l">0</subfield>
    <subfield code="o">659.1 BELG</subfield>
    <subfield code="p">MBA07608</subfield>
    <subfield code="r">2026-05-23 00:00:00</subfield>
    <subfield code="v">382.50</subfield>
    <subfield code="w">2021-07-16</subfield>
    <subfield code="y">BK</subfield>
  </datafield>
  <datafield tag="952" ind1=" " ind2=" ">
    <subfield code="0">0</subfield>
    <subfield code="1">0</subfield>
    <subfield code="2">ddc</subfield>
    <subfield code="4">0</subfield>
    <subfield code="7">0</subfield>
    <subfield code="8">MBA</subfield>
    <subfield code="a">AIMIT</subfield>
    <subfield code="b">AIMIT</subfield>
    <subfield code="d">2010-02-20</subfield>
    <subfield code="g">510.00</subfield>
    <subfield code="i">Billno:ABK669;Billdt:2010-02-10</subfield>
    <subfield code="l">0</subfield>
    <subfield code="o">659.1 BELG</subfield>
    <subfield code="p">MBA07609</subfield>
    <subfield code="r">2026-05-23 00:00:00</subfield>
    <subfield code="v">382.50</subfield>
    <subfield code="w">2021-07-16</subfield>
    <subfield code="y">BK</subfield>
  </datafield>
  <datafield tag="952" ind1=" " ind2=" ">
    <subfield code="0">0</subfield>
    <subfield code="1">0</subfield>
    <subfield code="2">ddc</subfield>
    <subfield code="4">0</subfield>
    <subfield code="7">0</subfield>
    <subfield code="8">MBA</subfield>
    <subfield code="a">AIMIT</subfield>
    <subfield code="b">AIMIT</subfield>
    <subfield code="d">2010-02-20</subfield>
    <subfield code="g">510.00</subfield>
    <subfield code="i">Billno:ABK669;Billdt:2010-02-10</subfield>
    <subfield code="l">0</subfield>
    <subfield code="o">659.1 BELG</subfield>
    <subfield code="p">MBA07610</subfield>
    <subfield code="r">2026-05-23 00:00:00</subfield>
    <subfield code="v">382.50</subfield>
    <subfield code="w">2021-07-16</subfield>
    <subfield code="y">BK</subfield>
  </datafield>
</record>
